00177nam a2200073Ia 4500008004100000082000800041100002200049245003200071240331s9999 xx 000 0 und d bMAK aNGO working group 0aMaking peace work for women